| 000 | 00328nam a2200109 4500 | ||
|---|---|---|---|
| 008 | 180208b xxu||||| |||| 00| 0 eng d | ||
| 245 |
_aGrowing infection: _bOro ranks no.2 in HIV-Aids prevalence, incidence. |
||
| 260 |
_aPhilippines: _bSun Star Davao, _cc2016. |
||
| 300 | _apage 7. | ||
| 650 | 0 |
_926272 _aAIDS/HIV. |
|
| 942 |
_2ddc _cPER |
||
| 999 |
_c8504 _d8504 |
||